00314nam a2200121Ia 4500008004100000041000800041082001200049100001500061245004400076260002900120300003200149365001100181240624s9999 xx 000 0 und d aeng a823 HIL aHILMI SABI aSECRETS OF ANGEL HEALING HOW TO CHANNEL c2011aNew DelhibPenguin aviii, : 312 : p. : cm. ; 20 cRSb25